Tratado de la argumentación: la nueva retórica

Uloženo v:
Podrobná bibliografie
Hlavní autoři: Perelman, Chaim (Autor), Olbrechts-Tyteca, Lucie (Autor)
Médium: Kniha
Jazyk:španělština
Vydáno: Barcelona Gredos 2018
Vydání:4a. ed
Témata:
Tagy: Přidat tag
Žádné tagy, Buďte první, kdo vytvoří štítek k tomuto záznamu!

MARC

LEADER 00000cam a2200000 a 4500
001 UCC6919
003 CL-VaPUC
005 20210924074309.0
008 190118e20180000sp |||||||||||||||||spa|d
999 |c 373744  |d 373742 
020 |a 9788424936174 
040 |c Pontificia Universidad Católica de Valparaíso 
082 0 4 |a 808.5 PER 2018  |2 21 
100 0 |a Perelman, Chaim  |e author  |9 601450 
245 1 0 |a Tratado de la argumentación: la nueva retórica 
250 |a 4a. ed 
260 |a Barcelona  |b Gredos  |c 2018 
300 |a 859 p 
583 |a last modification  |c 20190118 13:18:00  |k Rodrigo Vera 
650 0 |a Oratoria  |9 307605 
650 0 |a Retórica   |9 266620 
650 0 |a Razonamiento  |9 256520 
650 0 |a Argumentación   |9 257103 
700 0 |a Olbrechts-Tyteca, Lucie  |e author  |9 601451 
852 |a BIBCUR 
942 |c BK  |2 ddc 
945 |d 20190118 13:18:00  |a dcastane 
952 |0 0  |1 0  |3 erb  |4 0  |6 808_500000000000000_PER_2018  |7 0  |8 A  |9 491971  |a BIBMAT  |b BIBMAT  |c E_DIDACT  |i 5530016  |l 4  |o 808.5 PER 2018  |p 5530016  |r 2025-01-07  |s 2020-08-21  |w 2019-11-24  |y BK  |z Catalogado en:20190118  |k MAT